000 01453cam a2200301 a 4500
001 16862789
003 mut
005 20240606080954.0
008 110708s2012 njua b 001 0 eng
010 _a 2011028962
020 _a9780470464670 (pbk.)
040 _aDLC
_cDLC
042 _apcc
050 0 0 _aGN289
_b.R45 2012
082 0 0 _a599.93/5
_223
084 _aSOC002020
_2bisacsh
100 1 _aRelethford, John.
245 1 0 _aHuman population genetics /
260 _aHoboken, N.J. :
_bWiley-Blackwell,
_cc2012.
300 _axi, 296 p. :
_bill. ;
_c26 cm.
500 _aIncludes bibliographical references (p. 267-278) index.
520 _a"Human Population Genetics will provide an introduction to mathematical population genetics, along with relevant examples from human (and some non-human primate) populations, and will also present concepts and methods of population genetics that are specific to the study of human populations. The purpose of this book is to provide a basic background text for advanced undergraduate and graduate students interesting in the mechanisms of human microevolution"--
_cProvided by publisher.
650 0 _aHuman population genetics.
650 7 _aSOCIAL SCIENCE / Anthropology / Physical.
_2bisacsh
906 _a7
_bcbc
_corignew
_d1
_eecip
_f20
_gy-gencatlg
942 _2lcc
_cBK
999 _c5361
_d5361